[Event "Dortmund-ch"]
[Site "Dortmund"]
[Date "2005.03.14"]
[Round "7"]
[White "Schultz, Bernfried"]
[Black "Flierdl, Lothar"]
[Result "1-0"]
[WhiteElo "1717"]
[BlackElo "1634"]
[PlyCount "85"]
[EventDate "2005.02.28"]
[EventType "swiss"]
[EventRounds "9"]
[EventCountry "GER"]
[SourceTitle "CBM 105 Extra"]
[Source "ChessBase"]
[SourceDate "2005.05.01"]
[SourceVersion "1"]
[SourceVersionDate "2005.05.01"]
[SourceQuality "1"]

1. e4 e6 2. d4 d5 3. Nc3 dxe4 4. Nxe4 Nf6 5. Bg5 Be7 6. Bxf6 Bxf6 7. Nf3 0-0 8. c3 b6 9. Bd3 Bb7 10. Qc2 g6 11. h4 Kg7 12. h5 Nd7 13. g4 c5 14. g5 Be7 15. 0-0-0 cxd4 16. hxg6 hxg6 17. Nxd4 Bxg5+ 18. Kb1 Bf4 19. Rdg1 Rh8 20. Rxg6+ Kxg6 21. Rg1+ Kh6 22. Qd1 Nf6 23. Rh1+ Kg7 24. Qg1+ Ng4 25. Qxg4+ Bg5 26. Rg1 Kf8 27. Nxg5 Qf6 28. Ngxe6+ fxe6 29. Nxe6+ Ke7 30. Nc7 Rag8 31. Re1+ Kd8 32. Ne6+ Kc8 33. Qc4+ Kb8 34. Qc7+ Ka8 35. Qd6 Qf7 36. Nc7+ Kb8 37. Re7 Rh1+ 38. Kc2 Qxf2+ 39. Kb3 a5 40. Nb5+ Ka8 41. Be4 a4+ 42. Ka3 Rb8 43. Rxb7 1-0

[Event "Dortmund ABC Serie B-21"]
[Site "Dortmund"]
[Date "2004.05.08"]
[Round "4"]
[White "Voeller, Lothar"]
[Black "Flierdl, Lothar"]
[Result "1-0"]
[WhiteElo "1612"]
[BlackElo "1636"]
[PlyCount "127"]
[EventDate "2004.04.??"]
[EventType "tourn"]
[EventRounds "12"]
[EventCountry "GER"]
[SourceTitle "EXT 2006"]
[Source "ChessBase"]
[SourceDate "2005.11.24"]
[SourceVersion "1"]
[SourceVersionDate "2005.11.24"]
[SourceQuality "1"]

1. e4 e6 2. d4 d5 3. e5 c5 4. c3 Nc6 5. Nf3 Qc7 6. a3 Nge7 7. Bd3 Ng6 8. 0-0 Be7 9. b4 c4 10. Bc2 Bd7 11. Bg5 Qd8 12. Bxe7 Ncxe7 13. Nbd2 0-0 14. Re1 f6 15. Qb1 Qe8 16. exf6 gxf6 17. g3 Qf7 18. Nf1 Qg7 19. Ne3 Rae8 20. Ng2 Kh8 21. Qd1 a6 22. Nfh4 Nxh4 23. Nxh4 f5 24. f4 Rf6 25. Nf3 Ng6 26. Qd2 Rg8 27. Re3 Nxf4 28. Rae1 Nh3+ 29. Kh1 Qh6 30. Re5 Qxd2 31. Nxd2 Nf2+ 32. Kg2 Ne4 33. Bxe4 fxe4 34. Re2 Rgf8 35. g4 Rf4 36. h3 h6 37. a4 Kg7 38. b5 axb5 39. axb5 R8f6 40. b6 Kg6 41. Kg3 Ba4 42. h4 Bd1 43. g5 Bxe2 44. gxf6 Rxf6 45. Nb1 Rf3+ 46. Kg2 Kf7 47. Rh5 Rf6 48. Re5 Bg4 49. Na3 Bf5 50. Nb5 Ke7 51. Nc7 Kd7 52. h5 Rf8 53. Kf2 Rg8 54. Nxd5 Kd6 55. Ne3 Rg5 56. Nxc4+ Kc6 57. Rc5+ Kd7 58. Rc7+ Kd8 59. Rxb7 Rxh5 60. Ne5 Rh2+ 61. Ke1 e3 62. Rb8+ Ke7 63. b7 Rb2 64. Rg8 1-0

[Event "Dortmund ABC Serie B-21"]
[Site "Dortmund"]
[Date "2004.05.02"]
[Round "2"]
[White "Duschek, Guenter"]
[Black "Flierdl, Lothar"]
[Result "0-1"]
[WhiteElo "1675"]
[BlackElo "1636"]
[PlyCount "130"]
[EventDate "2004.04.??"]
[EventType "tourn"]
[EventRounds "12"]
[EventCountry "GER"]
[SourceTitle "EXT 2006"]
[Source "ChessBase"]
[SourceDate "2005.11.24"]
[SourceVersion "1"]
[SourceVersionDate "2005.11.24"]
[SourceQuality "1"]

1. d4 Nf6 2. Nf3 d5 3. g3 g6 4. Bg2 Bg7 5. c3 c6 6. a4 Nbd7 7. Bf4 0-0 8. Qc1 Re8 9. h4 h5 10. Ng5 e5 11. dxe5 Nxe5 12. 0-0 Bf5 13. Nd2 a5 14. Bxe5 Rxe5 15. e3 Qc7 16. Ndf3 Re7 17. Nd4 Bd7 18. Qc2 Rae8 19. Rfe1 c5 20. Nb5 Qb6 21. Qe2 Bf5 22. Nh3 d4 23. cxd4 cxd4 24. Rad1 dxe3 25. f3 Rd8 26. Rxd8+ Qxd8 27. Rd1 Qb6 28. Rd6 Qc5 29. Rd8+ Re8 30. Rxe8+ Nxe8 31. Kh2 Qc1 32. b3 Qd2 33. Nf4 Qxe2 34. Nxe2 Bd3 35. Bf1 Bxb5 36. axb5 b6 37. Nf4 Nd6 38. Bd3 Bd4 39. Kg2 Kg7 40. Ne2 Bb2 41. f4 Ba3 42. Kf3 Bc5 43. Nc3 Nf5 44. Bxf5 gxf5 45. Nd5 Bd4 46. Nxe3 Kf6 47. Nc2 Bc5 48. Ne3 Ke6 49. Nc4 f6 50. Ke2 Kd5 51. Kf3 Bd4 52. Ke2 Kc5 53. Kf3 Kb4 54. Nd6 Kxb3 55. Nxf5 Bc5 56. g4 hxg4+ 57. Kxg4 Bf8 58. Nd4+ Kc4 59. Nc2 a4 60. h5 Kb3 61. Na1+ Kb2 62. Kf5 Kxa1 63. Kxf6 a3 64. Kf7 Bh6 65. Kg6 Bxf4 0-1

[Event "Dortmund4"]
[Site "Dortmund"]
[Date "2003.05.24"]
[Round "11"]
[White "Krueger, Georg"]
[Black "Flierdl, Lothar"]
[Result "1-0"]
[WhiteElo "1684"]
[BlackElo "1640"]
[PlyCount "73"]
[EventDate "2003.03.28"]
[EventType "tourn"]
[EventRounds "11"]
[EventCountry "GER"]
[SourceTitle "EXT 2007"]
[Source "ChessBase"]
[SourceDate "2006.11.23"]
[SourceVersion "1"]
[SourceVersionDate "2006.11.23"]
[SourceQuality "1"]

1. e4 e5 2. Bc4 Nf6 3. d3 Bc5 4. Nf3 d6 5. 0-0 Bg4 6. c3 0-0 7. Nbd2 a6 8. Re1 Nc6 9. Bb3 d5 10. Qe2 Re8 11. Nf1 h6 12. Ng3 Na5 13. Bc2 Nc6 14. h3 dxe4 15. dxe4 Be6 16. Nh4 Ne7 17. Qf3 Ng6 18. Nhf5 Kh7 19. Nh5 Bf8 20. Rd1 Nd7 21. b3 b5 22. Be3 Qc8 23. Rd2 Qb7 24. Rad1 Rad8 25. Qg3 Qc6 26. Rd3 f6 27. h4 Qa8 28. Nhxg7 Bxg7 29. Nxg7 Re7 30. Nxe6 Rxe6 31. Rxd7+ Rxd7 32. Rxd7+ Re7 33. Qg4 Qe8 34. Rxe7+ Qxe7 35. Qf5 Kg7 36. Qh5 Nf4 37. Qg4+ 1-0